Elements in the Periodic table part 1 - Statistics

General Stats
  • This quiz has been taken 12 times
    6 since last reset
  • The average score is 6 of 7
Answer Stats
Hint Answer % Correct
Ac Actinium
100%
Be Beryllium
100%
Kr Krypton
100%
Hg Mercury
100%
K Potassium
100%
Na Sodium
100%
W Tungsten
100%
U Uranium
100%
Xe Xenon
100%
Fr Francium
67%
Ta Tantalum
50%
Bk Berkelium
33%
Al Aluminum
0%
Lu Lutetium
0%
No matching quizzes found
Score Distribution
Percent of People with Each Score
Percentile by Number Answered
Your Score History
You have not taken this quiz since the last reset